9 Préfectures sans A ni E - Mort Subite - Statistiques

Statistiques générales
  • Ce quiz a été pris 96 fois
  • Le résultat moyen est 6 sur 9
Answers on the Grid
Answers color-coded by a green-red scale on the quiz's grid according to % correct below.
79
17
22
41
971
83
09
78
56
93
89
21
69
37
74
03
 
Statistiques - réponses
Réponse % Correct
69
80%
21
77%
03
73%
79
73%
83
71%
09
65%
37
64%
41
64%
93
59%
Aucun quiz correspondant
Distribution des résultats
% des personnes avec chaque résultat
Percentile par nombre de réponses
Votre historique - résultats
Vous n’avez pas pris ce quiz